<?xml version="1.0" encoding="UTF-8"?><?xml-stylesheet type="text/xsl" href="static/style.xsl"?><OAI-PMH xmlns="http://www.openarchives.org/OAI/2.0/" xmlns:xsi="http://www.w3.org/2001/XMLSchema-instance" xsi:schemaLocation="http://www.openarchives.org/OAI/2.0/ http://www.openarchives.org/OAI/2.0/OAI-PMH.xsd"><responseDate>2026-06-02T07:13:02Z</responseDate><request verb="GetRecord" identifier="oai:riuma.uma.es:10630/15579" metadataPrefix="marc">https://riuma.uma.es/rest/oai/request</request><GetRecord><record><header><identifier>oai:riuma.uma.es:10630/15579</identifier><datestamp>2026-02-03T12:19:46Z</datestamp><setSpec>com_10630_2254</setSpec><setSpec>col_10630_37959</setSpec></header><metadata><record xmlns="http://www.loc.gov/MARC21/slim" xmlns:dcterms="http://purl.org/dc/terms/" xmlns:doc="http://www.lyncode.com/xoai" xmlns:xsi="http://www.w3.org/2001/XMLSchema-instance" xsi:schemaLocation="http://www.loc.gov/MARC21/slim http://www.loc.gov/standards/marcxml/schema/MARC21slim.xsd">
   <leader>00925njm 22002777a 4500</leader>
   <datafield ind2=" " ind1=" " tag="042">
      <subfield code="a">dc</subfield>
   </datafield>
   <datafield ind2=" " ind1=" " tag="720">
      <subfield code="a">Torres Fernández, Jose Antonio</subfield>
      <subfield code="e">author</subfield>
   </datafield>
   <datafield ind2=" " ind1=" " tag="260">
      <subfield code="c">2018-04-23</subfield>
   </datafield>
   <datafield ind2=" " ind1=" " tag="520">
      <subfield code="a">La intervención sobre la violencia filioparental ha sido abordada desde diferentes enfoques (preventivos, asistenciales, institucionales, judiciales, terapéuticos, comunitarios, etc.), ofreciendo una amplitud tanto de recursos como de metodologías.&#xd;
En esta conferencia se expone un proyecto que  se enmarca dentro de los recursos de los Servicios Sociales Municipales, y tiene un marcado carácter preventivo, entre cuyas características más relevantes están  el ser un programa voluntario,  desarrollarse de manera simultánea con progenitores y sus hijos/as, en grupos independientes, con una metodología muy sistemática, y haciendo énfasis en la evaluación de las conductas y la conflictividad familiar antes y después de la intervención.</subfield>
   </datafield>
   <datafield ind1="8" ind2=" " tag="024">
      <subfield code="a">https://hdl.handle.net/10630/15579</subfield>
   </datafield>
   <datafield tag="653" ind2=" " ind1=" ">
      <subfield code="a">Violencia familiar</subfield>
   </datafield>
   <datafield ind2="0" ind1="0" tag="245">
      <subfield code="a">Intervención grupal con adolescentes y familias con problemas de control de impulsos</subfield>
   </datafield>
</record>
</metadata></record></GetRecord></OAI-PMH>